ბათუმის შოთა რუსთაველის სახელმწიფო უნივერსიტეტის ბიბლიოთეკა

The Spontaneous Healing of Belief. Shattering the paradigm of False Limits (ბიბ.ჩანაწერი № 47675)

000 -LEADER
fixed length control field 00562nam a2200217Ia 4500
001 - CONTROL NUMBER
control field 14544
003 - CONTROL NUMBER IDENTIFIER
control field GE_BSU
008 - FIXED-LENGTH DATA ELEMENTS--GENERAL INFORMATION
fixed length control field 181216s||||||||xx |||||||||||||| ||und||
020 ## - INTERNATIONAL STANDARD BOOK NUMBER
International Standard Book Number 9781401916909
040 ## - CATALOGING SOURCE
Transcribing agency GE_BSU
080 ## - UNIVERSAL DECIMAL CLASSIFICATION NUMBER
Universal Decimal Classification number 299
100 ## - MAIN ENTRY--PERSONAL NAME
Personal name Braden,Gregg
245 #4 - TITLE STATEMENT
Title The Spontaneous Healing of Belief. Shattering the paradigm of False Limits
260 ## - PUBLICATION, DISTRIBUTION, ETC.
Place of publication, distribution, etc. New York
260 ## - PUBLICATION, DISTRIBUTION, ETC.
Name of publisher, distributor, etc. Hay House
260 ## - PUBLICATION, DISTRIBUTION, ETC.
Date of publication, distribution, etc. 2008
300 ## - PHYSICAL DESCRIPTION
Extent 217p.23cm.
653 ## - INDEX TERM--UNCONTROLLED
Uncontrolled term Shattering the paradigm of False Limits
653 ## - INDEX TERM--UNCONTROLLED
Uncontrolled term The Spontaneous Healing of Belief
942 ## - ADDED ENTRY ELEMENTS (KOHA)
Koha item type წიგნი
ეგზემპლარები
Withdrawn status Lost status Damaged status Not for loan Date acquired Barcode Date last seen Price effective from Koha item type
        2018-12-17 37505 2018-12-17 2018-12-17 წიგნი